| 000 | 01481nam a2200337 4500 | ||
|---|---|---|---|
| 003 | EC-UNACH | ||
| 005 | 20250515163925.0 | ||
| 006 | s||||gr|||| 00| 00 | ||
| 008 | 150116t9999 mx r gr 000 0 spa d | ||
| 020 | _a9789978510292 | ||
| 040 |
_aEC-UNACH _cEC-UNACH |
||
| 041 | _aspa | ||
| 082 | 0 | 4 |
_223 _a300 _bL017776 |
| 110 | _aCentro Andino de Acción Popular (CAAP) | ||
| 245 | _aEstudios y Análisis. Alternativas Virtuales VS. Cambios Reales. Derechos de la Naturaleza, Buen Vivir, Economía Solidaria | ||
| 250 | _aPrimera edición | ||
| 264 |
_aQuito – Ecuador _bCAAP _c2014 |
||
| 300 |
_a228 páginas _bTEXTO _c14,5 X 21 cm |
||
| 505 | _aI. Rebeliones vs. Cambios: Nuevas luchas ideológicas -- II Crítica de la razón alternativa y virtual -- III ¿Derechos de la naturaleza? Entre el discurso y la economía política -- IV ¿Qué hace solidaria una economía? sólo posible cambio -- Discurso retrovolucionarios: Sumak Kawsay, derechos de la naturaleza y otros pachamamismos -- Conclusión: "Una teoría de lo real y practica de lo imposible" | ||
| 650 | _aCONTRADICIONES CONSTITUCIONALISTAS | ||
| 650 | _aSUMAK KAUWSAY | ||
| 650 | _aDOMINACIÓN DISCURSIVA | ||
| 650 | _aLUCHAS SOCIALES | ||
| 650 | _aDERECHOS D ELA NATURALEZA | ||
| 700 | _aSánchez-Parga, José | ||
| 942 |
_2ddc _c1 |
||
| 999 | _c13573 | ||